| 000 | 00853nam a2200253 a 4500 | ||
|---|---|---|---|
| 008 | |||
| 020 | _a9171063889 (pbk.) | ||
| 049 | _aMAIN | ||
| 090 |
_aHD7288.76.A35 _bPLA |
||
| 245 | 0 | 2 |
_aA Place to live : _bgender research on housing in Africa / _cedited by Ann Schlyter. |
| 260 |
_aUppsala : _bNordiska Afrikainstitutet, _c1996. |
||
| 300 |
_a171 p. ; _c24 cm. |
||
| 500 | _aProceedings of a seminar held in Lund, Oct. 4-8, 1995. | ||
| 650 | 0 |
_aDiscrimination in housing _zAfrica _xCongresses. |
|
| 650 | 0 |
_aWomen _xHousing _zAfrica _xCongresses. |
|
| 650 | 0 |
_aHousing _zAfrica _xCongresses. |
|
| 700 | 1 | _aSchlyter, Ann. | |
| 710 | 2 | _aNordiska Afrikainstitutet. | |
| 907 |
_a.b10314350 _b16-05-12 _c10-05-12 |
||
| 003 | |||
| 005 | 20230123125432.0 | ||
| 040 | _cNUST | ||
| 942 |
_cBOOKS _kHD7288.76.A35 _mPLA |
||
| 999 |
_c141468 _d141468 |
||